| 000 | 00998nam a2200229 ar4500 | ||
|---|---|---|---|
| 001 | 4161 | ||
| 005 | 20221127090902.0 | ||
| 008 | 150318s jo a 00010|ara d | ||
| 020 |
_a9789957763299 : _cرس80.00 |
||
| 082 | 0 | 4 |
_a378.1 _bأ634 |
| 100 | 1 | _aالاعرجي، نبيل هاشم. | |
| 245 | 1 | 2 |
_aالجودة في التعليم العالي / _cنبيل الاعرجي، حيدر العجرش، عامر احمد منى. |
| 250 | _aط. 1. | ||
| 260 |
_aعمان، الاردن : _bدار الرضوان، _c2015[1436]. |
||
| 300 |
_a256 ص. : _bايض. ؛ _c24 سم. |
||
| 504 | _aيتضمن ارجاعات ببليوجرافية. | ||
| 650 | 4 |
_aالتعليم العالي _xمواصفات قياسية. |
|
| 650 | 4 |
_aالتعليم العالي _xضبط الجودة. |
|
| 650 | 4 |
_aالجامعات والكليات _xتنظيم وادارة. |
|
| 700 | 0 |
_aالعجرش، حيدر حاتم فالح، _eم. مشارك. |
|
| 700 | 0 |
_aمنى، عامر احمد غازي، _eم. مشارك. |
|
| 999 |
_c4159 _d4159 |
||